2014 FIFA World Cup Japanese Members - Statistics

General Stats
  • This quiz has been taken 88 times
  • The average score is 13 of 23
Answer Stats
Hint Answer % Correct
FW 4 Keisuke Honda
92%
FW 10 Shinji Kagawa
92%
MF 7 Yasuhito Endo
73%
GK 1 Eiji Kawashima
69%
FW 9 Shinji Okazaki
69%
DF 5 Yuto Nagatomo
69%
MF 17 Makoto Hasebe
65%
DF 22 Maya Yoshida
62%
DF 2 Atsuto Uchida
58%
DF 3 Gotoku Sakai
56%
DF 21 Hiroki Sakai
56%
MF 16 Hotaru Yamaguchi
50%
DF 15 Yasuyuki Konno
50%
FW 18 Yuya Osako
50%
GK 23 Shuichiro Gonda
48%
FW 13 Yoshito Okubo
48%
GK 12 Shusaku Nishikawa
46%
FW 11 Yoichiro Kakitani
40%
FW 8 Hiroshi Kiyotake
38%
FW 20 Manabu Saito
37%
DF 6 Masato Morishige
35%
MF 14 Toshihiro Aoyama
33%
DF 19 Masahiko Inoha
29%
No matching quizzes found
Score Distribution
Percent of People with Each Score
Percentile by Number Answered
Your Score History
You have not taken this quiz